000 00811nas a2200277 4500
001 BR0405516
003 BR-BrBNA
005 20231205105004.0
007 ta
008 230509b bl.|||p| |||| 00| 00por d
040 _aBR-BrBNA
_bpor
_cBiblioteca Nacional de Agricultura
041 _a(Pt)
072 _aF01; S01; E70
100 1 _aLeal, M. de S.
100 1 _aAlmeida, C.O. de
100 1 _aBaiardi, A.
245 1 _aDemanda domiciliar de laranja na região metropolitana de Salvador 1995/96
650 _aLARANJA PÊRA
650 _aPRODUÇÃO VEGETAL
650 _aCONSUMO
650 _aDEMANDA
650 _aBAHIA
773 0 _tMagistra (Brazil)
_xISSN 0102-5333
_g(Jul-Dec 2003), v. 15(2)Especial p. 241-250
_wBR0405516
909 _a202311
_bLúcia
_c55
_dLúcia Elande
942 _2AGRIS
_n0
_cANA
999 _c180652
_d180652